书目信息 |
| 题名: |
中国广播文艺理论研究
|
|
| 作者: | 王雪梅 主编 | |
| 分册: | ||
| 出版信息: | 北京 中国传媒大学出版社 2011.05 |
|
| 页数: | 313页 | |
| 开本: | 24cm | |
| 丛书名: | 广播电视艺术学丛书 | |
| 单 册: | ||
| 中图分类: | G220 | |
| 科图分类: | ||
| 主题词: | 广播--文艺理论--研究--中国 , 广播 , 文艺理论 | |
| 电子资源: | ||
| ISBN: | 978-7-81127-696-1 | |
| 000 | 01119oam2 2200313 450 | |
| 001 | 005288910 | |
| 005 | 20130609083527.48 | |
| 010 | @a978-7-81127-696-1@dCNY45.00 | |
| 035 | @a005288910 | |
| 049 | @aA330000ZJL@bUCS01004853585@c012011009410 | |
| 100 | @a20110711d2011 em y0chiy0110 ea | |
| 101 | 0 | @achi |
| 102 | @aCN@b110000 | |
| 105 | @ay z 000yy | |
| 106 | @ar | |
| 200 | 1 | @a中国广播文艺理论研究@9zhong guo guang bo wen yi li lun yan jiu@f王雪梅主编 |
| 210 | @a北京@c中国传媒大学出版社@d2011.05 | |
| 215 | @a313页@d24cm | |
| 225 | 2 | @a广播电视艺术学丛书 |
| 300 | @a中国传媒大学“211二期工程”重点科研项目 广播电视艺术学学科体系课题子项目之一 | |
| 330 | @a本书阐述了广播电视艺术学最基本的理论,并对广播艺术的传播过程进行了分析,着重研究广播电视艺术创作方法,特别是对于广播电视艺术创作实践进行全新的理论总结。 | |
| 461 | 0 | @12001 @a广播电视艺术学丛书@1035 @a(A100000NLC)003356866 |
| 606 | 0 | @a广播@x文艺理论@x研究@y中国 |
| 606 | 0 | @a广播 |
| 606 | 0 | @a文艺理论 |
| 690 | @aG220@v4 | |
| 701 | 0 | @a王雪梅@9wang xue mei@c(广播文艺)@4主编 |
| 801 | 0 | @aCN@bNLC@c20120106 |
| 905 | @dG220@e151 | |
| 中国广播文艺理论研究/王雪梅主编.-北京:中国传媒大学出版社,2011.05 |
| 313页;24cm.-(广播电视艺术学丛书) |
| 中国传媒大学“211二期工程”重点科研项目 广播电视艺术学学科体系课题子项目之一 |
| ISBN 978-7-81127-696-1:CNY45.00 |
| 本书阐述了广播电视艺术学最基本的理论,并对广播艺术的传播过程进行了分析,着重研究广播电视艺术创作方法,特别是对于广播电视艺术创作实践进行全新的理论总结。 |
| ● |
| 相关链接 |
|
|
|
|
正题名:中国广播文艺理论研究
索取号:G220/151
 
预约/预借
| 序号 | 登录号 | 条形码 | 馆藏地/架位号 | 状态 | 备注 |
| 1 | 0545377 | 205453775 | 第一样本阅览室/ [索取号:G220/151] | 在馆 | |
| 2 | 0545378 | 205453784 | 第四借阅区/ [索取号:G220/151] | 在馆 | |
| 3 | 0545379 | 205453793 | 第四借阅区/ [索取号:G220/151] | 在馆 | |
| 4 | 0545380 | 205453800 | 第四借阅区/ [索取号:G220/151] | 在馆 | |
| 5 | 0545381 | 205453819 | 第四借阅区/ [索取号:G220/151] | 在馆 |